000
00302nam a22001337a 4500
008
171102b xxu||||| |||| 00| 0 eng d
020
_a
2900470131984
041
_a
eng
080
_a
339.138
100
_a
60
101
_a
MAR
245
_a
MARKETING RESEARCH ESSENTIALS
_c
GATES,R
942
_2
udc
_c
BK
999
_c
37321
_d
37321